[Event "HCL-E1561"]
[Site "www.playchess.de"]
[Date "2006.02.04"]
[Round "9"]
[White "chess50"]
[Black "Abra"]
[WhiteElo "2155"]
[BlackElo "1503"]
[PlyCount "117"]
[Result "1-0"]

1.e4 e5 {Hello, wish you a nice game from the 
Netherlands.
}  2.Nf3 d6 3.Bc4 h6 4.O-O Nf6 5.Nc3 Be7 6.d4 exd4 
7.Nxd4 O-O 8.Bf4 Bd7 9.Re1 Nc6 10.Nxc6 Bxc6 11.Qf3 
Qd7 12.Rad1 Rae8 13.Nd5 Nxd5 14.exd5 Bb5 15.Bd3 
Bxd3 16.Qxd3 b6 17.b4 Qg4 18.Bd2 Bf6 19.h3 Qd4 
20.Qxd4 Bxd4 21.Rxe8 Rxe8 22.Bxh6 Bxf2+ 23.Kxf2 
gxh6 24.Rd4 Kg7 25.Rc4 Rc8 26.b5 Kf6 27.Re4 Kg5 
28.Kf3 f5 {(offering draw)}  29.Ra4 Ra8 30.c3 h5 
31.g3 Kf6 32.Kf4 a5 33.bxa6 Ra7 34.Ra3 Kg6 35.c4 
Kf6 36.Ra4 Kg6 37.Ke3 Kg5 38.Ra3 Kf6 39.Kf4 Kg6 
40.Ra4 Kf6 41.a3 Kg6 42.Ke3 Kf6 43.Ke2 Kg5 44.Kf3 
Kf6 45.h4 Ke5 46.Ke3 Kf6 47.Kd4 Kg6 48.Kc3 Kf6 
49.Kb4 Ke5 50.Kb5 Kf6 51.Rb4 Ke5 52.a4 Kf6 53.Rb2 
Ke7 54.Re2+ Kf7 55.Re6 Kg7 56.Re8 Kf7 57.Rb8 Kg7 
58.Rb7 Ra8 59.Rxc7+ 1-0

[Event "HCL-A2517"]
[Site "www.playchess.de"]
[Date "2006.02.04"]
[Round "4"]
[White "Bauernopfer"]
[Black "XANDERKIRV"]
[WhiteElo "1300"]
[BlackElo "1579"]
[PlyCount "96"]
[Result "0-1"]

1.c3 e5 2.d4 exd4 3.cxd4 d5 4.Bf4 c5 5.dxc5 Bxc5 
6.e3 Nf6 7.Nf3 O-O 8.Bd3 Re8 9.O-O Nc6 10.Nc3 h6 
11.h3 a6 12.Na4 Bd6 13.Bxd6 Qxd6 14.Nc3 Be6 15.Bc4 
Rad8 16.Bb3 Qc7 17.Qc2 b5 18.Ne2 Qc8 19.Nf4 Bf5 
20.Qc3 g5 21.Qxf6 gxf4 22.exf4 Bxh3 23.Qxh6 Bg4 
24.Qg5+ Kf8 25.Nh2 Be6 26.Rfe1 Nd4 27.Rac1 Qb7 
28.Bc2 Rdc8 29.Bh7 Rxc1 30.Rxc1 Ne2+ 31.Kf1 Nxc1 
32.f5 Qc6 33.fxe6 Qc4+ 34.Kg1 Ne2+ 35.Kh1 Qc1+ 
36.Qxc1 Nxc1 37.Bf5 Nxa2 38.Nf3 fxe6 39.Bg4 Nb4 
40.Ne5 d4 41.Kg1 d3 42.Kf1 Rd8 43.Ke1 d2+ 44.Kd1 
Nd3 45.Nf3 Nxf2+ 46.Ke2 d1Q+ 47.Kxf2 Qc2+ 48.Kg3 
Qxb2 0-1

[Event "HCL-B3720"]
[Site "www.playchess.de"]
[Date "2006.02.04"]
[Round "6"]
[White "ronaldinhio"]
[Black "Jule"]
[WhiteElo "893"]
[BlackElo "1406"]
[PlyCount "56"]
[Result "0-1"]

1.e3 c5 2.d4 cxd4 3.Qxd4 Nc6 4.Qc3 Nf6 5.Qb3 e6 
6.Nd2 Bb4 7.c3 Ba5 8.Ngf3 O-O 9.h4 b6 10.a4 Bb7 
11.c4 Nb4 12.e4 Nxe4 13.Nxe4 Nc2+ 14.Kd1 Nxa1 
15.Qa3 Bxe4 16.Nd2 Nc2 17.Qb3 Qc7 18.Nxe4 Nb4 
19.Bd2 d5 20.Ng5 dxc4 21.Qf3 Rad8 22.Qg4 c3 
23.bxc3 Qxc3 24.Ne4 Qa1+ 25.Ke2 f5 26.Bc3 Qa2+ 
27.Nd2 fxg4 28.g3 Rf3 0-1

[Event "HCL-B3856"]
[Site "www.playchess.de"]
[Date "2006.02.04"]
[Round "9"]
[White "evets"]
[Black "WStanEvans"]
[WhiteElo "1392"]
[BlackElo "1410"]
[PlyCount "84"]
[Result "0-1"]

1.Nf3 Nf6 2.d4 d6 3.Nbd2 Nc6 4.e4 Bg4 5.c3 e5 
6.Qb3 Bxf3 7.dxe5 Nxe4 8.gxf3 Nc5 9.Qd5 Qg5 10.Bb5 
Qxe5+ 11.Qxe5+ dxe5 12.Ne4 Ne6 13.Bxc6+ bxc6 
14.Be3 c5 15.Rd1 Rd8 16.Ke2 Bd6 17.Rhg1 f6 18.Rd2 
Kf7 19.Rd5 Nf4+ 20.Bxf4 exf4 21.Rgd1 Ke7 22.Nxc5 
Bxc5 23.Rxc5 Rxd1 24.Kxd1 Rd8+ {(offering draw)}  
25.Ke2 Rd7 26.Rf5 g5 27.h4 h6 28.hxg5 fxg5 29.Ra5 
c6 30.Re5+ Kf6 31.Re8 Re7+ 32.Rxe7 Kxe7 33.Kf1 Kd6 
34.Kg2 h5 35.a4 Kc5 36.b3 h4 37.Kh3 a5 38.Kg2 Kd5 
39.Kf1 c5 40.b4 cxb4 41.cxb4 axb4 42.a5 
Kc5 0-1

[Event "HCL-C4054"]
[Site "www.playchess.de"]
[Date "2006.02.04"]
[Round "9"]
[White "daveboy6968"]
[Black "nico21"]
[WhiteElo "1008"]
[BlackElo "1430"]
[PlyCount "68"]
[Result "0-1"]

1.e4 {hi good luck + happy new year ;-)}  c5 2.d4 
cxd4 3.Qxd4 Nc6 4.Qe3 d6 5.Bb5 Bd7 6.Bxc6 Bxc6 
7.f3 e5 8.Ne2 Be7 9.Nbc3 Nf6 10.O-O O-O 11.Ng3 b6 
12.b3 d5 13.exd5 Bc5 14.Nf5 Bxe3+ 15.Nxe3 Bb7 
16.Ba3 Re8 17.Rad1 Qc8 18.Nb5 Rd8 19.Bb2 Ba6 20.a4 
Bxb5 21.axb5 Qc5 22.Bxe5 Qxe3+ 23.Kh1 Qxe5 24.Rfe1 
Qc3 25.Re2 Rde8 26.Rf2 Re1+ 27.Rf1 Rxf1+ 28.Rxf1 
Re8 29.h3 Re1 30.Rxe1 Qxe1+ 31.Kh2 Nxd5 32.c4 Ne3 
33.f4 Qf2 34.h4 Qxg2+ 0-1

[Event "HCL-T262"]
[Site "www.playchess.de"]
[Date "2006.02.04"]
[Round "2"]
[White "reddog"]
[Black "FlatoA"]
[WhiteElo "1802"]
[BlackElo "1424"]
[PlyCount "65"]
[Result "1-0"]

1.e4 e5 2.Nf3 Nc6 3.Bc4 Nf6 4.Ng5 Bc5 5.Nxf7 Bxf2+ 
6.Kxf2 Nxe4+ 7.Kg1 Qh4 8.g3 Qf6 9.Qe1 Ng5 10.Nxg5 
Qxg5 11.d3 Qh5 12.Be3 d6 13.Nc3 Bh3 14.Nb5 Kd7 
15.d4 Rhf8 16.d5 Ne7 17.Be2 Qf5 18.Qd2 Qe4 19.Bd3 
Qxd5 20.Nc3 Qf3 21.Re1 a6 22.Ne4 h6 23.Qe2 Bg4 
24.Qf1 Nd5 25.Bf2 Qf7 26.Be2 Bf5 27.Bf3 Qe6 
28.Nc5+ dxc5 29.Bxd5 Qg6 30.Bxb7 Rab8 31.Bxc5 Rf6 
32.Qf3 Ke8 33.Rxe5+ 1-0

[Event "HCL-C4016"]
[Site "www.playchess.de"]
[Date "2006.02.04"]
[Round "19"]
[White "Kelthek"]
[Black "foxcar"]
[WhiteElo "612"]
[BlackElo "1202"]
[PlyCount "66"]
[Result "0-1"]

1.e4 {Hi...good luck!}  e6 {you too!}  2.Nc3 Bb4 
3.Nf3 Bxc3 4.bxc3 Nf6 5.e5 Ne4 6.d4 Nxc3 7.Qd3 Nd5 
8.Bg5 Nb4 9.Qc3 f6 10.exf6 gxf6 11.Bxf6 Nd5 12.Qc5 
Qxf6 13.c3 d6 14.Qc4 c6 15.Be2 b5 16.Qxc6+ Nxc6 
17.Bxb5 Bd7 18.O-O Qg7 19.g3 Nxc3 20.Bd3 Nxd4 
21.Nxd4 Qxd4 22.Rad1 Qf6 23.Rdc1 Nxa2 24.Rc2 Nb4 
25.Rd2 Nxd3 26.Rxd3 Bb5 27.Rxd6 Bxf1 28.Kxf1 Qa1+ 
29.Kg2 Qe5 30.Rd3 Rf8 31.Re3 Qd5+ 32.f3 Qd2+ 
33.Kh3 Qxe3 0-1

[Event "HCL-C4054"]
[Site "www.playchess.de"]
[Date "2006.02.04"]
[Round "2"]
[White "nico21"]
[Black "Farquhart"]
[WhiteElo "1430"]
[BlackElo "570"]
[PlyCount "59"]
[Result "1-0"]

1.e4 e5 2.Nf3 d6 3.d4 exd4 4.Nxd4 Nf6 5.Nc3 Nc6 
6.Bg5 h6 7.Bh4 g5 8.Bg3 Bg4 9.f3 Bd7 10.Nxc6 bxc6 
11.Bd3 Rb8 12.b3 c5 13.O-O Rg8 14.e5 dxe5 15.Bxe5 
h5 16.Re1 Bd6 17.Bxf6+ Be7 18.Rxe7+ Kf8 19.Rxf7+ 
Kxf7 20.Bxd8 Rbxd8 21.Bc4+ Be6 22.Bxe6+ Kxe6 
23.Qe1+ Kd7 24.Rd1+ Kc8 25.Rxd8+ Rxd8 26.Qe5 c6 
27.Qxg5 a6 28.Qxc5 Re8 29.Qxc6+ Kd8 
30.Nd5 1-0

[Event "HCL-T255"]
[Site "www.playchess.de"]
[Date "2006.02.04"]
[Round "20"]
[White "gsmaior"]
[Black "leobor"]
[WhiteElo "1975"]
[BlackElo "2077"]
[PlyCount "91"]
[Result "1-0"]

1.e4 e5 2.Nf3 Nc6 3.Bb5 a6 4.Ba4 {greetings from 
Brazil, Rio de Janeiro, a nice game to you !}  Nf6 
{Hi from Riga ,Latvia}  5.O-O Be7 6.Re1 b5 7.Bb3 
O-O 8.h3 Bb7 9.d3 d6 10.a3 Na5 11.Ba2 c5 12.Nc3 
Nc6 13.Bg5 Bc8 14.Bd2 Rb8 15.Nd5 a5 16.Nxe7+ Qxe7 
17.Bd5 Bd7 18.Bxc6 Bxc6 19.Bxa5 Nd7 20.Qc1 Rba8 
21.Bd2 Nb6 22.b4 c4 23.Qd1 Na4 24.Qe2 c3 25.Bc1 f5 
26.exf5 Rxf5 27.Nd4 Qd7 28.Nxf5 Qxf5 29.f4 Re8 
30.g4 Qd7 31.Qh2 Nb6 32.fxe5 dxe5 33.Be3 Nd5 
34.Qg3 Re6 35.Rad1 Nxe3 36.Rxe3 Qd5 37.Kh2 Rf6 
38.Rxe5 Rf2+ 39.Qxf2 Qxe5+ 40.Kg1 Qd5 41.Kh2 Qe5+ 
42.Kg1 Qd5 43.Kf1 Qh1+ 44.Ke2 Qxh3 45.Qf5 Qg2+ 
46.Ke3 1-0

[Event "HCL-E1553"]
[Site "www.playchess.de"]
[Date "2006.02.04"]
[Round "7"]
[White "Jule"]
[Black "Eishockeytorwart"]
[WhiteElo "1374"]
[BlackElo "1949"]
[PlyCount "52"]
[Result "0-1"]

1.Nf3 {Und los geht´s wieder mit etwas "Lehrgeld" 
verdienen. Viel Spass dabei}  Nf6 {viel spaß auch 
dir}  2.g3 Nc6 3.Bg2 e5 4.d3 d5 5.Bg5 Be6 6.O-O h6 
7.Bxf6 Qxf6 8.Nc3 O-O-O 9.a3 g5 10.e4 dxe4 11.Nxe4 
Qg7 12.c3 f5 13.Nc5 Bxc5 14.Re1 e4 15.Nd2 Rxd3 
16.Bf1 e3 17.Bxd3 exf2+ 18.Kf1 fxe1Q+ 19.Qxe1 Qd7 
20.Bc2 f4 21.Be4 fxg3 22.hxg3 Rf8+ 23.Ke2 Bg4+ 
24.Bf3 Bxf3+ 25.Nxf3 Re8+ 26.Kf1 
Qh3+ 0-1

[Event "HCL-A2548"]
[Site "www.playchess.de"]
[Date "2006.02.04"]
[Round "2"]
[White "organic"]
[Black "Miguelito"]
[WhiteElo "1326"]
[BlackElo "1304"]
[PlyCount "125"]
[Result "1/2-1/2"]

1.e4 {Hello!}  e5 {good luck}  2.Nf3 d6 3.d4 Bg4 
4.h3 Bxf3 5.gxf3 exd4 6.Qxd4 c5 7.Qa4+ Nc6 8.Nc3 
Nge7 9.Bf4 Qa5 10.Bxd6 Qxa4 11.Nxa4 Nd4 12.O-O-O 
b6 13.c3 Nxf3 14.Bb5+ Kd8 15.Bf4+ Kc8 16.Bd7+ Kb7 
17.b4 g5 18.Bg3 Bg7 19.bxc5 Ne5 20.cxb6 axb6 
21.Bb5 Ra5 22.Bxe5 Bxe5 23.Rd7+ Kc8 24.Nxb6+ Kb8 
25.Rxe7 Bf4+ 26.Kc2 Rxb5 27.Nd5 f5 28.Nxf4 gxf4 
29.Rb1 Rxb1 30.Kxb1 fxe4 31.Rxe4 Rc8 32.Kb2 Rd8 
33.Rxf4 Rd2+ 34.Kb3 h5 35.h4 Kb7 36.Rf5 Kb6 37.f4 
Rf2 38.Rxh5 Rxf4 39.c4 Rf3+ 40.Kb4 Rf4 41.Rh6+ Kc7 
42.a4 Rf1 43.c5 Rb1+ 44.Ka5 Rc1 45.c6 Rc5+ 46.Ka6 
Rc4 47.a5 Rb4 48.Ka7 Rb5 49.a6 Re5 50.h5 Re7 
51.Rg6 Kc8+ 52.Ka8 Kc7 53.h6 Re8+ 54.Ka7 Rh8 
55.Rg7+ Kxc6 56.h7 Rd8 57.Rb7 Rh8 58.Rb8 Rxh7+ 
59.Ka8 Rc7 60.Rg8 Rd7 {(offering draw)}  61.a7 Kc7 
62.Rb8 Kc6 63.Rc8+ {(offering draw)} 
 1/2-1/2

[Event "HCL-E1548"]
[Site "www.playchess.de"]
[Date "2006.02.04"]
[Round "6"]
[White "Eishockeytorwart"]
[Black "Eyechess"]
[WhiteElo "1979"]
[BlackElo "2023"]
[PlyCount "78"]
[Result "1/2-1/2"]

1.e4 {welcome from germany}  g6 {Greetings from 
Illinois, USA}  2.d4 {i am living in 
mönchengladbach 50 km from cologne}  Bg7 3.Nf3 c6 
4.Nc3 d5 5.e5 Bg4 6.Be2 e6 7.Bg5 Qb6 8.Na4 Qa5+ 
9.c3 Bxf3 10.Bxf3 Nd7 11.b4 Qa6 12.Be2 b5 13.Nb2 
Qb7 14.a4 f6 15.exf6 Ngxf6 16.Bxf6 Nxf6 17.Bd3 O-O 
18.axb5 cxb5 19.O-O Rac8 20.Ra3 a6 21.Qd2 Rc6 
22.Rfa1 Ng4 23.Nd1 Qc7 24.g3 Qc8 25.h3 Nh6 26.Qa2 
Nf7 27.Kg2 e5 28.dxe5 Ng5 29.Qxd5+ Kh8 30.e6 Nxe6 
31.Be4 Rb6 32.Kh2 Nc7 33.Qc5 Re6 34.f3 Re5 35.Qb6 
Re6 36.Qc5 Re5 37.Qb6 Re6 38.Qc5 Re5 {(offering 
draw)}  39.Qb6 {i think i can win the game}  Re6 
{I think we have a three time repetition of the 
position.}  1/2-1/2

[Event "ACL-T166"]
[Site "www.playchess.de"]
[Date "2006.02.04"]
[Round "33"]
[White "Chascarrillo"]
[Black "Walter"]
[WhiteElo "2133"]
[BlackElo "1786"]
[PlyCount "37"]
[Result "1-0"]

1.g4 d5 2.Bg2 Bxg4 3.c4 e5 4.cxd5 Nd7 5.Qb3 Rb8 
6.Nc3 Ngf6 7.Nf3 Bd6 8.h3 Bh5 9.d3 O-O 10.Bg5 h6 
11.Bh4 c5 12.Nd2 Be7 13.Bg3 b5 14.O-O b4 15.Nd1 
Bxe2 16.Re1 Bxd1 17.Qxd1 Nb6 18.d4 cxd4 {(offering 
draw)}  19.Nf3 1-0

[Event "HCL-C4073"]
[Site "www.playchess.de"]
[Date "2006.02.04"]
[Round "5"]
[White "Farquhart"]
[Black "JULIUS"]
[WhiteElo "583"]
[BlackElo "897"]
[PlyCount "26"]
[Result "0-1"]

1.e4 e5 2.Nf3 Nc6 3.d3 Bc5 4.h4 Nf6 5.Bg5 d6 6.Nc3 
O-O 7.Nd5 Bg4 8.Be2 Bxf3 9.Bxf3 Nb4 10.c3 Nbxd5 
11.O-O Nb6 12.d4 exd4 13.e5 dxe5 0-1

[Event "HCL-A2553"]
[Site "www.playchess.de"]
[Date "2006.02.04"]
[Round "1"]
[White "superyetkin"]
[Black "hal1958"]
[WhiteElo "1311"]
[BlackElo "1480"]
[PlyCount "108"]
[Result "0-1"]

1.g3 {hello man}  d5 {hi, have a nice game}  2.Bg2 
{how old are you?}  e5 {47, Why?}  3.Nc3 {just 
wonder!}  Nf6 4.e4 d4 5.Nce2 Bd6 6.d3 c5 7.f4 O-O 
8.f5 h6 9.Bh3 b5 10.g4 Nh7 11.Ng3 Be7 12.Nf3 Ng5 
13.Bxg5 Bxg5 14.Nxg5 Qxg5 15.Qd2 Qxd2+ 16.Kxd2 f6 
17.Bg2 Nc6 18.a3 a5 19.Ne2 Bd7 20.c3 b4 21.axb4 
axb4 22.h4 bxc3+ 23.bxc3 Rfb8 24.Rxa8 Rxa8 25.Rc1 
Ra2+ 26.Rc2 Rxc2+ 27.Kxc2 Kf7 28.Nc1 Ke7 29.Nb3 
Kd6 30.cxd4 exd4 31.Nd2 Ne5 32.Bf3 Ba4+ 33.Kb2 
Nxf3 34.Nxf3 Bd1 35.Nh2 Ke5 36.Kc1 Ba4 37.Kd2 
{(offering draw)}  Kf4 38.Ke2 Kg3 39.Nf1+ Kxg4 
40.Nd2 Kxh4 41.Nf3+ Kg4 42.Nh2+ {(offering draw)}  
Kh5 {why would I accept a draw?}  43.Nf3 
{(offering draw) you know better than I do}  g6 
44.fxg6 {(offering draw)}  Kxg6 {stop offering 
draw, I won't accept}  45.Nh4+ Kg5 46.Nf3+ 
{(offering draw)}  Kf4 47.Nh4 Bd7 48.Ng2+ Kg3 
49.Ne1 h5 50.Kf1 h4 51.Kg1 h3 52.Ng2 hxg2 53.e5 
Kf3 54.exf6 Be6 0-1

[Event "HCL-C4016"]
[Site "www.playchess.de"]
[Date "2006.02.04"]
[Round "25"]
[White "Viking"]
[Black "Kelthek"]
[WhiteElo "980"]
[BlackElo "612"]
[PlyCount "123"]
[Result "1-0"]

1.d4 c5 {Hello from VA}  2.d5 d6 3.Nf3 Nf6 4.c4 g6 
5.Bg5 Bg7 6.Nc3 O-O 7.h3 Nbd7 8.e4 e5 9.Bd3 Qa5 
10.O-O Nh5 11.Ne2 Bf6 12.Bd2 Qd8 13.b4 b6 14.Bc2 
Ba6 15.Ba4 Bxc4 16.Bc6 Bxd5 17.Bxd5 Nf4 18.Nxf4 g5 
19.Nh5 Be7 20.bxc5 Nxc5 21.Bb4 Qc7 22.Rc1 Rac8 
23.Qd2 h6 24.Ne1 Qd7 25.Qe2 Nxe4 26.Bxd6 Nxd6 
27.Rxc8 Qxc8 28.Qxe5 Nf5 29.Nf6+ Bxf6 30.Qxf6 Ng7 
31.Qxh6 Qf5 32.Bc4 g4 33.g3 gxh3 34.Bd3 Qh5 
35.Qxh5 Nxh5 36.Kh2 f5 37.Kxh3 f4 38.g4 Nf6 39.f3 
Nd5 40.Rg1 Nc3 41.Bc4+ Kg7 42.Nd3 Ne2 43.Re1 Ng3 
44.Ne5 Rh8+ 45.Kg2 Re8 46.Nd3 Rc8 47.Ne5 Rc5 
48.Kh3 b5 49.Bb3 b4 50.g5 a5 51.Kg4 a4 52.Bxa4 Ra5 
53.Bb3 Ra6 54.Kxf4 Nh5+ 55.Kg4 Nf6+ 56.gxf6+ Rxf6 
57.Re4 Rb6 58.Kf5 Rf6+ 59.Kg5 Rf8 60.Rxb4 Re8 
61.Rb7+ Kf8 62.Ng6+ 1-0

[Event "HCL-B3862"]
[Site "www.playchess.de"]
[Date "2006.02.04"]
[Round "1"]
[White "ama49"]
[Black "gronico"]
[WhiteElo "1162"]
[BlackElo "1160"]
[PlyCount "48"]
[Result "1/2-1/2"]

1.e4 {Good luck}  g6 2.d4 Bg7 3.Nf3 d6 4.Nc3 Bg4 
5.Be2 Nc6 6.O-O Nf6 7.e5 dxe5 8.dxe5 Qxd1 9.Rxd1 
Nd7 10.Bf4 Ndxe5 11.Bxe5 Nxe5 12.Nxe5 Bxe2 13.Nxe2 
Bxe5 14.c3 O-O 15.Rd7 Bd6 16.Nd4 Rfd8 17.Rxd8+ 
Rxd8 18.Re1 c5 19.Nb5 a6 20.Nxd6 exd6 21.Re7 b5 
22.Ra7 d5 23.Rxa6 d4 24.cxd4 cxd4 {(offering 
draw)}  1/2-1/2

[Event "HCL-A2583"]
[Site "www.playchess.de"]
[Date "2006.02.04"]
[Round "2"]
[White "lunchpail"]
[Black "victorabiodun03"]
[WhiteElo "1391"]
[BlackElo "1357"]
[PlyCount "54"]
[Result "0-1"]

1.d4 {hello and good luck}  Nf6 2.Nd2 e5 3.dxe5 
Ng4 4.e4 Nxe5 5.f4 Nec6 6.Ngf3 Be7 7.Bd3 d5 8.exd5 
Qxd5 9.O-O O-O 10.Nc4 Bc5+ 11.Be3 Bxe3+ 12.Nxe3 
Qc5 13.Qd2 Nd7 14.Kh1 Nf6 15.Rf2 Ng4 16.Nxg4 Bxg4 
17.Raf1 Rad8 18.Qc1 Bxf3 19.R2xf3 h6 20.f5 Ne5 
21.f6 g5 22.Rh3 Nxd3 23.cxd3 Qxc1 24.Rxc1 c6 
25.Rd1 Kh7 26.d4 Kg6 27.Rf3 Rd6 0-1

[Event "HCL-C4136"]
[Site "www.playchess.de"]
[Date "2006.02.04"]
[Round "1"]
[White "dg"]
[Black "nichju"]
[WhiteElo "1212"]
[BlackElo "1138"]
[PlyCount "75"]
[Result "1-0"]

1.e4 {hi again}  e6 2.d4 c6 {Hello again and good 
luck to you}  3.Nf3 d5 4.e5 Be7 5.h3 f6 6.Nc3 fxe5 
7.Nxe5 Nd7 8.Bf4 Nxe5 9.Bxe5 Bf6 10.Qe2 Qb6 
11.O-O-O Bg5+ 12.f4 Bh6 13.g4 Qd8 14.g5 Bxg5 
15.fxg5 Qxg5+ 16.Qd2 Qxd2+ 17.Rxd2 b6 18.Bxg7 Ne7 
19.Bxh8 Nf5 20.Bg2 Ne3 21.Bf3 Nc4 22.Re2 e5 
23.dxe5 Bf5 24.e6 Ke7 25.Bd4 c5 26.Nxd5+ Kd6 27.e7 
cxd4 28.e8Q Rxe8 29.Rxe8 d3 30.Rd8+ Kc5 31.cxd3 
Bxd3 32.Nxb6 axb6 33.Rxd3 {time to resign?}  Ne5 
34.Rd5+ Kc4 35.Rxe5 h5 36.Rhe1 h4 37.R1e4+ Kd3 
38.Be2+ 1-0

[Event "HCL-C4103"]
[Site "www.playchess.de"]
[Date "2006.02.04"]
[Round "7"]
[White "JMD"]
[Black "nichju"]
[WhiteElo "1293"]
[BlackElo "1019"]
[PlyCount "37"]
[Result "1-0"]

1.d4 {hello again}  d6 {Hello and good luck}  2.e4 
f6 3.Nc3 Nc6 4.Nf3 e5 5.d5 Nd4 6.Be3 Bg4 7.Be2 f5 
8.Nxd4 exd4 9.Bxd4 Bxe2 10.Qxe2 Ne7 11.exf5 Qd7 
12.Qh5+ g6 13.fxg6 Nxd5 14.Nxd5 Qe6+ 15.Kd1 O-O-O 
16.Bxh8 c6 17.Nf4 Qe4 18.Qg4+ Kc7 
19.Ne6+ 1-0

[Event "HCL-E1462"]
[Site "www.playchess.de"]
[Date "2006.02.04"]
[Round "10"]
[White "Andy1"]
[Black "guitran"]
[WhiteElo "1507"]
[BlackElo "1426"]
[PlyCount "105"]
[Result "1-0"]

1.e4 c5 2.Nf3 Nc6 3.d4 cxd4 4.Nxd4 Nf6 5.Nc3 a6 
6.Be2 e6 7.Bg5 Be7 8.O-O b5 9.a3 Bb7 10.Bf3 Qb6 
11.Be3 Nxd4 12.Bxd4 Qc7 13.Re1 Qf4 14.Be3 Qe5 
15.Bd4 Qd6 16.e5 Bxf3 17.Qxf3 Qc6 18.Qxc6 dxc6 
19.exf6 gxf6 20.Ne4 e5 21.Bc5 h5 22.Bxe7 Kxe7 
23.Rad1 Ra7 24.Rd2 f5 25.Nc5 f6 26.Red1 Kf7 
27.R2d7+ Rxd7 28.Rxd7+ Kg6 29.h4 f4 30.Nxa6 Rg8 
31.Nb4 Kf5 32.f3 Ke6 33.Rh7 c5 34.Nd3 c4 35.Nc5+ 
Kd5 36.Ne4 Rf8 37.Rd7+ Kc6 38.Rd6+ Kc7 39.Rxf6 Rd8 
40.Rh6 Rd1+ 41.Kh2 Rc1 42.Rxh5 Rxc2 43.Rxe5 Rxb2 
44.h5 Ra2 45.Rxb5 Rxa3 46.Rc5+ Kb6 47.Rxc4 Kb5 
48.Nd6+ Ka6 49.Rxf4 Re3 50.g4 Re2+ 51.Kg3 Re6 
52.Ne4 Rh6 53.Rf6+ 1-0

[Event "HCL-E1520"]
[Site "www.playchess.de"]
[Date "2006.02.04"]
[Round "9"]
[White "Eishockeytorwart"]
[Black "guitran"]
[WhiteElo "1942"]
[BlackElo "1408"]
[PlyCount "61"]
[Result "1-0"]

1.e4 {welcome from germany (Mönchengladbach)}  c5 
{greetings from New Hampshire (Somersworth)}  
2.Nf3 d6 3.d4 cxd4 4.Bb5+ Bd7 5.Bxd7+ Qxd7 6.Qxd4 
Nc6 7.Qc4 h6 8.O-O Rc8 9.Be3 e6 10.Rd1 b6 11.Nc3 
Nf6 12.Qe2 Qb7 13.Bf4 e5 14.Bc1 Be7 15.Nd5 Nxd5 
16.exd5 Na5 17.Qb5+ Kd8 18.Qd3 Rc4 19.b3 Rg4 20.h3 
e4 21.Qe3 Bf6 22.hxg4 Bxa1 23.Qxe4 Re8 24.Qd3 Qc8 
25.g5 h5 26.Ba3 Be5 27.Nxe5 dxe5 28.d6 Qd7 29.Qf3 
Qc6 30.d7 Re6 31.Qxf7 1-0

[Event "HCL-B3774"]
[Site "www.playchess.de"]
[Date "2006.02.04"]
[Round "12"]
[White "nichju"]
[Black "JMD"]
[WhiteElo "1007"]
[BlackElo "1377"]
[PlyCount "114"]
[Result "0-1"]

1.e4 {Bon nuit JMD}  e5 {merci bonne journée}  
2.Nf3 Nf6 3.Nc3 Nc6 4.Bc4 Bc5 5.Ng5 O-O 6.d3 h6 
7.Nf3 d6 8.Nd5 Bg4 9.h3 Bxf3 10.Qxf3 Nd4 11.Qd1 c6 
12.Nxf6+ Qxf6 13.O-O b5 14.Bb3 a5 15.a4 Nxb3 
16.cxb3 b4 17.Be3 Bxe3 18.fxe3 Qe6 19.Rc1 c5 20.d4 
exd4 21.exd4 cxd4 22.Rc4 Rac8 23.Rxd4 Rc6 24.Qh5 
Qxb3 25.e5 dxe5 26.Qxe5 Qxb2 27.g4 Rc4 28.Rfd1 Rc2 
29.Qe4 Re2 30.Qf3 Rfe8 31.R4d8 Rxd8 32.Rxd8+ Kh7 
33.Qf5+ g6 34.Qxf7+ Qg7 35.Qxg7+ Kxg7 36.Ra8 Re5 
37.Ra7+ Kf6 38.Ra6+ Kg5 39.Kg2 h5 40.gxh5 gxh5 
41.Kg3 Re3+ 42.Kg2 Re5 43.Kg3 h4+ 44.Kf3 Rf5+ 
45.Kg2 Rd5 46.Ra7 b3 47.Rb7 Rd2+ 48.Kf3 Rd3+ 
49.Ke2 Rxh3 50.Rb5+ Kf4 51.Rxa5 Re3+ 52.Kd1 h3 
53.Rb5 h2 54.Rb4+ Kf3 55.Rh4 Kg3 56.Rh6 Kg2 
57.Rg6+ Rg3 0-1

[Event "HCL-A2538"]
[Site "www.playchess.de"]
[Date "2006.02.04"]
[Round "1"]
[White "juancabeta"]
[Black "Nulnulnix"]
[WhiteElo "1700"]
[BlackElo "1326"]
[PlyCount "40"]
[Result "0-1"]

1.e4 c5 {Hi, enjoy this game}  2.d4 cxd4 3.Qxd4 
Nc6 4.Qa4 a6 5.Nc3 d6 6.Be3 Bd7 7.O-O-O b5 8.Qb3 
Nf6 9.Nf3 g6 10.Ng5 e6 11.f4 h6 {I'll take a break 
until 28.12.06
Enjoy the holy days meanwhile !}  12.Nf3 Be7 13.e5 
dxe5 14.fxe5 Ng4 15.Ne4 Ngxe5 16.Nxe5 Nxe5 17.Bd4 
Qc7 18.Bxe5 Qxe5 19.Nc3 Bc6 20.Bd3 
O-O 0-1

[Event "HCL-B3856"]
[Site "www.playchess.de"]
[Date "2006.02.04"]
[Round "19"]
[White "chessH"]
[Black "mitke"]
[WhiteElo "1262"]
[BlackElo "1292"]
[PlyCount "68"]
[Result "1/2-1/2"]

1.e4 e5 2.Nf3 Nc6 3.Be2 Nf6 4.d3 Bc5 5.Bg5 h6 
6.Bh4 g5 7.Bg3 d6 8.Nc3 Nd4 9.O-O Be6 10.Na4 Nd7 
11.c3 Nxe2+ 12.Qxe2 b5 13.Nxc5 Nxc5 14.d4 Bc4 
15.Qe3 Bxf1 16.dxc5 Bc4 17.cxd6 cxd6 18.b3 Be6 
19.Rd1 Qe7 20.h3 O-O 21.Nh2 f5 22.exf5 Bxf5 23.Ng4 
Kh7 24.Qd2 Rad8 25.Ne3 Be6 26.Qd3+ Kg8 27.c4 bxc4 
28.Nxc4 Bxc4 29.Qxc4+ Kg7 30.h4 Qf7 31.Qg4 Qg6 
32.hxg5 Qxg5 33.Qe6 Qf6 34.Qd5 Qf7 {(offering 
draw)}  1/2-1/2

[Event "HCL-A2561"]
[Site "www.playchess.de"]
[Date "2006.02.04"]
[Round "7"]
[White "Grand73Am"]
[Black "gridguy"]
[WhiteElo "1416"]
[BlackElo "1645"]
[PlyCount "72"]
[Result "0-1"]

1.e4 c5 2.b3 d6 3.Bb2 Nf6 4.d3 Nc6 5.Be2 g6 6.Nf3 
e6 7.O-O Bg7 8.Nbd2 Qc7 9.Nc4 e5 10.Ne3 Nd4 
11.Nxd4 cxd4 12.Nd5 Nxd5 13.exd5 Qa5 14.Bf3 b6 
15.Qe1 Qxe1 16.Rfxe1 O-O 17.c4 dxc3 18.Bxc3 a5 
19.a4 Ba6 20.Rad1 Rac8 21.Ba1 Rfe8 22.d4 exd4 
23.g3 Rxe1+ 24.Rxe1 d3 25.Bxg7 Kxg7 26.Rd1 Rc3 
27.Be4 Rxb3 28.Kg2 f5 29.Bf3 Bc4 30.Rd2 Ra3 31.Bd1 
b5 32.axb5 Bxb5 33.Kf3 Kf6 34.Ke3 Ke5 35.Bf3 g5 
36.h3 f4+ 0-1

[Event "HCL-C4132"]
[Site "www.playchess.de"]
[Date "2006.02.04"]
[Round "8"]
[White "Skipper_Robert"]
[Black "aussie"]
[WhiteElo "991"]
[BlackElo "1099"]
[PlyCount "38"]
[Result "0-1"]

1.e4 e5 2.Nf3 Nc6 3.d3 Bc5 4.Nc3 d6 5.a3 a6 6.Nd5 
Nd4 7.Ng5 Nf6 8.b4 Ba7 9.f3 c6 10.Nxf6+ Qxf6 
11.Bb2 Qxg5 12.f4 exf4 13.Bxd4 Bxd4 14.Rb1 Bc3+ 
15.Kf2 Qh4+ 16.g3 fxg3+ 17.Kg2 Qh3+ 18.Kf3 Bg4+ 
19.Ke3 Qh6+ 0-1

[Event "HCL-C4109"]
[Site "www.playchess.de"]
[Date "2006.02.04"]
[Round "3"]
[White "DaLyrik"]
[Black "Milosforman"]
[WhiteElo "760"]
[BlackElo "958"]
[PlyCount "66"]
[Result "0-1"]

1.d4 d5 2.Nc3 e6 3.Nf3 Bb4 4.Bg5 f6 5.a3 Bxc3+ 
6.Nd2 Bxb2 7.Rb1 Bxa3 8.Be3 a5 9.g3 Bb4 10.Bg2 Ne7 
11.O-O O-O 12.Nf3 e5 13.dxe5 fxe5 14.Nxe5 Nbc6 
15.Nxc6 Nxc6 16.Qxd5+ Qxd5 17.Bxd5+ Kh8 18.Bxc6 
bxc6 19.Bd4 c5 20.c3 Ba3 21.Rb3 cxd4 22.Rxa3 dxc3 
23.Rxc3 Bd7 24.Rxc7 Bh3 25.Rd1 a4 26.Rb1 a3 27.Ra1 
a2 28.Rc2 Be6 29.e4 Rfb8 30.Rcc1 Rb2 31.h4 Rf8 
32.f4 Rc8 33.Rce1 Rcb8 0-1

[Event "HCL-E1451"]
[Site "www.playchess.de"]
[Date "2006.02.04"]
[Round "12"]
[White "PieceSeeker3"]
[Black "siroos"]
[WhiteElo "1485"]
[BlackElo "1984"]
[PlyCount "78"]
[Result "0-1"]

1.e4 c5 2.Nf3 e6 3.c4 Nc6 4.b3 d6 5.d3 Nf6 6.Be2 
Be7 7.Bb2 O-O 8.O-O b6 9.Nc3 Bb7 10.d4 cxd4 
11.Nxd4 a6 12.Bf3 Qc7 13.Nde2 Ne5 14.Ng3 Nxf3+ 
15.Qxf3 Rad8 16.Rac1 Qb8 17.Qe3 Bc6 18.Rcd1 Rfe8 
19.Ba3 b5 20.cxb5 axb5 21.Bb4 d5 22.Ba5 Rdc8 
23.exd5 Nxd5 24.Nxd5 Bxd5 25.Bc3 Qa8 26.Bxg7 Kxg7 
27.Nh5+ Kg6 28.Rd4 Kxh5 29.Qh3+ Kg6 30.Qg4+ Kh6 
31.Qh3+ Kg7 32.Rd3 Reg8 33.Qh5 Bxg2 34.Re1 Bh1 
35.Rg3+ Kh8 36.Rxg8+ Rxg8+ 37.Kf1 Bg2+ 38.Ke2 Qe4+ 
39.Kd2 Rd8+ 0-1

[Event "HCL-A2546"]
[Site "www.playchess.de"]
[Date "2006.02.04"]
[Round "4"]
[White "hreed"]
[Black "stevetilbury"]
[WhiteElo "1477"]
[BlackElo "1550"]
[PlyCount "61"]
[Result "1-0"]

1.e4 {good chess and greetings from Boston!}  Nf6 
{Mnay thanks - greetings from London}  2.e5 Nd5 
3.d4 c5 4.c4 Nc7 5.d5 d6 6.exd6 exd6 7.Bd3 g6 
8.Nf3 Bg7 9.O-O O-O 10.Nbd2 a6 11.Rb1 b5 12.b3 Nd7 
13.Ne4 Ne5 14.Nxe5 Bxe5 15.Re1 f5 16.Ng5 Ra7 
17.Nf3 Bc3 18.Re3 b4 19.Kh1 Ne8 20.Ng1 Nf6 21.f3 
Re7 22.Qc2 Rfe8 23.Rxe7 Rxe7 24.Ne2 a5 25.Bg5 Qe8 
26.Nxc3 Re1+ 27.Bf1 bxc3 28.Bxf6 Rxb1 29.Qxb1 Qe3 
30.Qc2 Qe1 31.Qe2 1-0

[Event "HCL-C4083"]
[Site "www.playchess.de"]
[Date "2006.02.05"]
[Round "4"]
[White "Milosforman"]
[Black "epenz"]
[WhiteElo "908"]
[BlackElo "952"]
[PlyCount "61"]
[Result "1-0"]

1.d4 d5 2.Nf3 Nf6 3.e3 Nc6 4.Bb5 Bd7 5.a4 a6 6.Bd3 
e6 7.c4 dxc4 8.Bxc4 Bb4+ 9.Bd2 Bxd2+ 10.Qxd2 O-O 
11.h3 Ne4 12.Qc2 f5 13.Nc3 Nxc3 14.Qxc3 Ne7 15.O-O 
b6 16.Ne5 a5 17.f4 Ng6 18.Nxg6 hxg6 19.Rf3 g5 
20.d5 gxf4 21.exf4 c5 22.dxe6 Kh7 23.Rg3 Qf6 
24.Qxf6 Rxf6 25.exd7 Rd6 26.Bb5 g6 27.Rd3 Rxd3 
28.Bxd3 Rd8 29.Bb5 Kg7 30.Re1 Kf7 
31.Re8 1-0